|
|
|
|
| LEADER |
00000nab a2200000 a 4500 |
| 001 |
vtls000222968 |
| 003 |
SK-MaSNL |
| 005 |
20260302204654.0 |
| 008 |
111130c1985 xo 0 slo |
| 015 |
|
|
|a SNBRB19rr/mm-uuuuu
|
| 035 |
|
|
|a CL0233082
|
| 040 |
|
|
|a SNKBUCL
|b slo
|c SNKBUCL
|e AACR2
|
| 041 |
0 |
|
|a slo
|
| 044 |
|
|
|a xo
|c SK
|
| 080 |
|
|
|a 635.26
|2 1981
|
| 080 |
|
|
|a 641.5
|2 1981
|
| 100 |
1 |
|
|a Humpola, J.
|4 aut
|9 920884
|
| 245 |
1 |
0 |
|a Cibuľa zimná
|c J. Humpola
|
| 650 |
0 |
7 |
|a cibuľa zimná
|2 snkbucl
|9 82771
|
| 650 |
0 |
7 |
|a cibuľa zimná
|2 snkbucl
|9 82771
|
| 655 |
|
7 |
|a články z novín a časopisov
|2 snkbucl
|9 267496
|
| 773 |
0 |
|
|t Záhradkár
|g Roč. 21, č. 8 (1985), s. 177
|
| 850 |
|
|
|a Slovenská národná knižnica v Martine
|a MTA001
|
| 852 |
|
|
|a SNK
|b KIS3GCP
|
| 958 |
|
|
|a RK
|
| 992 |
|
|
|a RBX
|
| 999 |
|
|
|c 1474449
|d 1476379
|